=LDR 00000nam 2200000 4500 =001 INLIS000000000044520 =005 20200130095856 =035 ##$$a 0010-101300000002442 =008 200130################g##########0#ind## =041 ##$$a Ind =082 ##$$a 006.68 =090 ##$$a 006.68 , Men m =245 ##$$a Mengolah image dengan Corel Photopaint 11 =260 ##$$a Yogyakarta :$b Andi,$c 2003 =300 ##$$a 309 hlm. : $b ilus. ; $c 16x23 cm. =850 ##$$a NBPNMAT =020 ##$$a 979-731-076-0 =084 ##$$a 006.68 MEN m =650 #4$$a Corel Photopoint 11 - Program Komputer =990 ##$$a 6673